00746nam a2200205 a 4500001001000000003000400010005001700014008004100031040002500072049000900097082001500106100003700121245005300158260005000211300002000261942001400281952011200295952011800407999001500525000008200OSt20260321073638.0090915s1976 dr 001 0 spa d aDO-SdBNPbspacBNPHU aBNPD axxxbB742c1 a Bosch, Juan, d1909-200197655510aDe la concordia a la corrupción /cJuan Bosch. aSanto Domingo :bEdiciones Vanguardia,c1976. a53 p. ;c21 cm. 2ddccLBS1 0010718PDaPDbPDcCTd2009-09-15iLF1l0oxxx B742cp8200-10r2020-06-25w2020-06-25yLFPDZNo se presta 0010718PDaPDbPDcCTd2011-04-27iLF1l0oxxx B742cp8200-20r2020-06-25te. 2w2020-06-25yLFPDZNo se presta c7974d7974